Theory of machines (Record no. 5797)

000 -LEADER
fixed length control field 00476nam a2200193 4500
001 - CONTROL NUMBER
control field 5797
003 - CONTROL NUMBER IDENTIFIER
control field BD-DhUET
008 - FIXED-LENGTH DATA ELEMENTS--GENERAL INFORMATION
fixed length control field 141129b xxu||||| |||| 00| 0 eng d
040 ## - CATALOGING SOURCE
Transcribing agency 0
Modifying agency BD-DhUET
082 ## - DEWEY DECIMAL CLASSIFICATION NUMBER
Classification number 621.811
Item number KHU/1984
100 ## - MAIN ENTRY--PERSONAL NAME
Personal name Khurmi, R. S.
245 ## - TITLE STATEMENT
Title Theory of machines
250 ## - EDITION STATEMENT
Edition statement 1st ed.
260 ## - PUBLICATION, DISTRIBUTION, ETC. (IMPRINT)
Place of publication, distribution, etc. New Delhi
Name of publisher, distributor, etc. Eurasia Publishing house
Date of publication, distribution, etc. 1984
300 ## - PHYSICAL DESCRIPTION
Extent viii,1107p.
Other physical details ill.
650 #0 - SUBJECT ADDED ENTRY--TOPICAL TERM
Topical term or geographic name as entry element Machinery, Kinematics
700 ## - ADDED ENTRY--PERSONAL NAME
Personal name Gupta, V. K.
942 ## - ADDED ENTRY ELEMENTS (KOHA)
Koha item type General Book
Holdings
Damaged status Date acquired Sublocation or collection (holding branch) Koha normalized classification for sorting Koha item type Withdrawn status Not for loan Shelving location Koha issues (times borrowed) Koha date last borrowed Copy number Piece designation (barcode) Lost status Koha date last seen Source of classification or shelving scheme Location (home branch) Koha full call number Price effective from
 2014-11-29Central Library, BUET621_110000000000000_KHU_1984General Book  Circulation section42024-09-17158322 2025-04-13 Central Library, BUET621.11/KHU/19842014-11-29
 2014-11-29Central Library, BUET621_110000000000000_KHU_1984General Book  Circulation section42023-07-15258325 2023-11-28 Central Library, BUET621.11/KHU/19842014-11-29
 2014-12-06Central Library, BUET621_811000000000000_KHU_1984General Book  Circulation section82023-09-16358326 2023-11-29 Central Library, BUET621.811/KHU/19842014-12-06
 2015-06-20Central Library, BUET621_811000000000000_KHU_1984Reading Item  Reading section  458321 2015-06-20 Central Library, BUET621.811/KHU/19842015-06-20
 2015-06-28Central Library, BUET621_811000000000000_KHU_1984Reading Item  Reading section  558320 2015-06-28 Central Library, BUET621.811/KHU/19842015-06-28
 2015-06-28Central Library, BUET621_811000000000000_KHU_1984Reading Item  Reading section  658318 2015-06-28 Central Library, BUET621.811/KHU/19842015-06-28
 2015-06-30Central Library, BUET621_811000000000000_KHU_1984Reading Item  Reading section  758317 2015-06-30 Central Library, BUET621.811/KHU/19842015-06-30